000 00829aaa a2200253 4500
001 14369
003 HDC
007 cr bn ---aaaaa
008 210214p2007 o 0o0 0 m eng
040 _aHDC
100 _aDelgado, Christopher
_914951
245 0 _aLive stock to 2020 The Next Food Revolution / by
_cChristopher Delgado
260 _a[no place]
_b[publisher not identified]
_c1999
300 _a83 pages
336 _atext
_2rdacontent
337 _acomputer
_2rdamedia
338 _aonline resource
_2rdacarrier
650 _aFood industry
_9536
650 _aLivestock
_92405
856 _zRequest full-text at [email protected]
942 _2lcc
942 _cEBOOK
942 _kEBOK 000978
999 _c11685
_d11685